MARC

LEADER 00000nam0a2200000 4500
001 274244
005 20231101234717.0
035 |a (RuTPU)RU\TPU\book\297454 
090 |a 274244 
100 |a 20141101d1985 km y0rusy50 ca 
101 1 |a rus  |c eng 
102 |a RU 
105 |a a z 001zy 
200 1 |a Неистовая Вселенная  |e пер. с англ.  |f Дж. Нарликар 
210 |a Москва  |c Мир  |d 1985 
215 |a 256 с.  |c ил. 
320 |a Словарь терминов: с. 244-250 
320 |a Литература: с. 251 
320 |a Предметно-именной указатель: с. 252-255 
606 1 |a Вселенная  |2 stltpush  |3 (RuTPU)RU\TPU\subj\3751  |9 32117 
610 1 |a астрофизика 
610 1 |a рентгеновские излучения 
610 1 |a радиоизлучения 
610 1 |a источники 
610 1 |a исследования 
610 1 |a теория тяготения Ньютона 
610 1 |a теория Эйнштейна 
610 1 |a черные дыры 
610 1 |a физика 
610 1 |a физика 
610 1 |a Большой взрыв 
675 |a 524.8  |v 4 
700 1 |a Нарликар  |b Дж.  |g Джайант 
801 1 |a RU  |b 63413507  |c 20141101 
801 2 |a RU  |b 63413507  |c 20170323  |g RCR 
942 |c BK